00262nam a2200121Ia 4500100002100000650001200021366000700033245002900040260002500069082001500094300000800109546002300117 aSanthanam/Vijay  aFiction f20 aIf cricket is a religion bHarper collinsc2009 a808.8bSAN a204 aENGLISHcComputers